000 00239nam a2200097Ia 4500
001 682976
005 20250826161429.0
008 250824s9999 xx 000 0 und d
245 0 _aKAYI III
_cAHMET ŞİMŞİRGİL
260 _bTİMAŞ YAYINLARI
999 _c682976
_d682976